[Event "SR 1. liga zapad 2014/2015"]
[Site "?"]
[Date "2014.10.18"]
[Round "1.2"]
[White "Karas, Marek"]
[Black "Obona, Jan"]
[Result "1/2-1/2"]
[WhiteElo "2170"]
[BlackElo "2166"]
[PlyCount "88"]
[EventDate "2014.??.??"]

1. d4 d5 2. c4 e6 3. Nc3 c6 4. e3 Nf6 5. Nf3 Nbd7 6. Qc2 Bd6 7. Bd3 O-O 8. O-O
dxc4 9. Bxc4 b5 10. Bd3 Bb7 11. Rd1 Qe7 12. e4 e5 13. dxe5 Nxe5 14. Nxe5 Bxe5
15. Ne2 Bd6 16. Ng3 g6 17. Qe2 Rfe8 18. f3 a6 19. a4 Qc7 20. Qf2 h5 21. Be3 Qe7
22. Rac1 Qe6 23. Ne2 Rac8 24. g3 Rcd8 25. Nd4 Qd7 26. Nb3 Qe6 27. Nc5 Qe7 28.
b4 Bc8 29. Bb1 h4 30. Ba2 hxg3 31. hxg3 Nh5 32. f4 Bxc5 33. Bxc5 Rxd1+ 34. Rxd1
Qxe4 35. Bb1 Qc4 36. axb5 axb5 37. Re1 Rxe1+ 38. Qxe1 Be6 39. Kh2 Qb3 40. Be4
Qa2+ 41. Qf2 Qxf2+ 42. Bxf2 Bd5 43. Bd3 Nf6 44. Bd4 Ne4 1/2-1/2

[Event "SR 1. liga zapad 2014/2015"]
[Site "?"]
[Date "2014.10.18"]
[Round "1.2"]
[White "Pericka, Tomas"]
[Black "Kukucka, Matej"]
[Result "1/2-1/2"]
[WhiteElo "2010"]
[BlackElo "2073"]
[PlyCount "69"]
[EventDate "2014.??.??"]

1. e4 e6 2. d4 d5 3. Nc3 Nf6 4. Bg5 Bb4 5. e5 h6 6. Be3 Ne4 7. Nge2 c5 8. a3
Nxc3 9. Nxc3 Ba5 10. Qg4 g6 11. Rd1 Bxc3+ 12. bxc3 Qa5 13. Bd2 c4 14. Qf3 Nd7
15. Bc1 Qa4 16. Rd2 Rh7 17. h4 Qa5 18. h5 g5 19. Rh3 f5 20. exf6 Rf7 21. Qe3
Nxf6 22. Qe5 Qc7 23. Qxc7 Rxc7 24. Re2 Rf7 25. f4 g4 26. Rh4 Kd7 27. Re5 Kd6
28. Be2 Rg7 29. f5 exf5 30. Bxh6 Rh7 31. Bf4 Kc6 32. h6 Bd7 33. Re3 Ne4 34. Be5
Rg8 35. Bf4 1/2-1/2

[Event "SR 1. liga zapad 2014/2015"]
[Site "?"]
[Date "2014.10.18"]
[Round "1.2"]
[White "Capak, Stefan"]
[Black "Diviak, Rastislav"]
[Result "1/2-1/2"]
[WhiteElo "2063"]
[BlackElo "2001"]
[PlyCount "54"]
[EventDate "2014.??.??"]

1. d4 d5 2. Nf3 Nf6 3. c4 e6 4. Bg5 c6 5. Nc3 Nbd7 6. e3 Qa5 7. Nd2 Bb4 8. Qc2
O-O 9. Be2 dxc4 10. Bxf6 Nxf6 11. Nxc4 Qc7 12. O-O Bd7 13. Rac1 Rac8 14. a3 Be7
15. Ne5 Rfd8 16. Rfd1 c5 17. Nxd7 Rxd7 18. Nb5 Qb8 19. dxc5 Rxc5 20. Qb1 a6 21.
Rxc5 Bxc5 22. Rxd7 Nxd7 23. Nc3 Qc7 24. Bd3 Nf6 25. Ne4 Nxe4 26. Bxe4 g6 27.
Qc2 b6 1/2-1/2

[Event "SR 1. liga zapad 2014/2015"]
[Site "?"]
[Date "2014.10.18"]
[Round "1.2"]
[White "Ocko, Martin"]
[Black "Gombar, Peter"]
[Result "1/2-1/2"]
[WhiteElo "1857"]
[BlackElo "1994"]
[PlyCount "94"]
[EventDate "2014.??.??"]

1. e4 e5 2. Nf3 Nc6 3. Bb5 a6 4. Ba4 Nf6 5. O-O b5 6. Bb3 Be7 7. Re1 O-O 8. h3
d6 9. c3 Na5 10. Bc2 c5 11. d4 Qc7 12. d5 Bd7 13. b3 Rfe8 14. Nbd2 Bf8 15. Nf1
g6 16. Ng3 Bg7 17. Be3 Nb7 18. Qd2 a5 19. Bh6 b4 20. c4 a4 21. Qg5 Bxh6 22.
Qxh6 axb3 23. axb3 Reb8 24. Nf5 Bxf5 25. exf5 Qe7 26. Qg5 Kg7 27. fxg6 hxg6 28.
Nh4 Kf8 29. Bxg6 Ng8 30. Qh5 Qf6 31. Bc2 Ra3 32. Rab1 Ra2 33. Rec1 Rba8 34. Nf3
Ke7 35. Qg5 Qxg5 36. Nxg5 Nd8 37. h4 f6 38. Nh3 Nh6 39. f3 f5 40. Nf2 f4 41.
Ng4 Ndf7 42. Kh2 Rh8 43. Kh3 Nxg4 44. Kxg4 Rg8+ 45. Kh3 Kf6 46. Ra1 Rga8 47.
Rxa2 Rxa2 1/2-1/2

[Event "SR 1. liga zapad 2014/2015"]
[Site "?"]
[Date "2014.10.18"]
[Round "1.3"]
[White "Gazik, Igor"]
[Black "Sipos, Istvan"]
[Result "1/2-1/2"]
[WhiteElo "2321"]
[BlackElo "2491"]
[PlyCount "118"]
[EventDate "2014.??.??"]

1. e4 e6 2. d3 d5 3. Nd2 Nf6 4. Ngf3 b6 5. c3 Be7 6. e5 Nfd7 7. d4 c5 8. Bd3
Ba6 9. Bxa6 Nxa6 10. a3 O-O 11. Qe2 Qc8 12. h4 Rb8 13. Rh3 b5 14. h5 cxd4 15.
Nxd4 Nac5 16. Kf1 a5 17. Kg1 b4 18. cxb4 axb4 19. Rg3 Kh8 20. b3 Qc7 21. axb4
Rxb4 22. Bb2 h6 23. Bc3 Rbb8 24. b4 Nb7 25. Nb5 Qb6 26. Bd4 Qd8 27. Na7 Ra8 28.
Qb5 Qc7 29. Rc3 Nbc5 30. Qa5 Qxa5 31. Rxa5 Ne4 32. Nxe4 Bxb4 33. Ra4 Bxc3 34.
Nxc3 f6 35. exf6 e5 36. fxg7+ Kxg7 37. Nxd5 exd4 38. Nc7 Nc5 39. Ra5 d3 40.
Rxc5 d2 41. Rd5 Rxa7 42. Ne6+ Kf6 43. Nxf8 Ra1+ 44. Kh2 d1=Q 45. Rxd1 Rxd1 46.
Ng6 Kg5 47. Ne5 Kf4 48. Ng6+ Kg5 49. Ne5 Rf1 50. Kg3 Rh1 51. f4+ Kf5 52. Ng4
Rxh5 53. Kf3 Rh1 54. Ne3+ Kg6 55. g4 Re1 56. Kf2 Ra1 57. Kf3 Kf6 58. Ke4 Ra4+
59. Kf3 Ra3 1/2-1/2

[Event "SR 1. liga zapad 2014/2015"]
[Site "?"]
[Date "2014.10.18"]
[Round "1.3"]
[White "Berczes, Csaba"]
[Black "Dobrotka, Martin"]
[Result "1/2-1/2"]
[WhiteElo "2357"]
[BlackElo "2189"]
[PlyCount "82"]
[EventDate "2014.??.??"]

1. Nf3 Nf6 2. g3 g6 3. b3 Bg7 4. Bb2 d6 5. d4 c6 6. Bg2 Qa5+ 7. Nbd2 O-O 8. O-O
Qh5 9. e4 Bh3 10. e5 Ng4 11. exd6 exd6 12. Ne4 Bxg2 13. Kxg2 d5 14. Nd6 b6 15.
Re1 Na6 16. Qe2 Nxh2 17. Nxh2 Qxe2 18. Rxe2 Rfd8 19. Rae1 Rxd6 20. Re8+ Rxe8
21. Rxe8+ Bf8 22. Rc8 Re6 23. Bc1 Kg7 24. Ng4 h5 25. Bh6+ Kh7 26. Bxf8 hxg4 27.
Ra8 Nc7 28. Rxa7 Kg8 29. Rxc7 Kxf8 30. a4 f5 31. b4 Ke8 32. Rb7 Re2 33. c3 Rc2
34. Rxb6 Rxc3 35. Rb7 Ra3 36. a5 Kd8 37. Rg7 Ra4 38. Rxg6 Kc7 39. Rg7+ Kb8 40.
Rf7 Rxb4 41. Rf6 Kb7 1/2-1/2

[Event "SR 1. liga zapad 2014/2015"]
[Site "?"]
[Date "2014.10.18"]
[Round "1.3"]
[White "Kaniansky, Miroslav"]
[Black "Farkas, Gabor"]
[Result "0-1"]
[WhiteElo "2194"]
[BlackElo "2346"]
[PlyCount "84"]
[EventDate "2014.??.??"]

1. d4 c5 2. e3 Nf6 3. Bd3 d5 4. c3 Nc6 5. Nf3 Bg4 6. Nbd2 e6 7. Qa4 Nd7 8. Bb5
Qc7 9. dxc5 Bxf3 10. Nxf3 Nxc5 11. Qg4 a6 12. Be2 f5 13. Qg5 Ne4 14. Qh5+ g6
15. Qh3 Bg7 16. O-O O-O 17. Nd4 Rae8 18. f3 Nd6 19. Nxc6 Qxc6 20. Qh4 e5 21.
Qb4 Kh8 22. Bd2 Nc4 23. Bxc4 dxc4 24. Rad1 Rf7 25. Bc1 Bf8 26. Qa5 Bc5 27. b4
Bb6 28. Qd5 Qxd5 29. Rxd5 f4 30. Rd6 Ba7 31. Rfd1 e4 32. Kf1 exf3 33. exf4
fxg2+ 34. Kxg2 Re2+ 35. Kg3 Rxa2 36. Rd8+ Kg7 37. R8d7 Rc2 38. Rxf7+ Kxf7 39.
Rd7+ Kf6 40. Bd2 Ke6 41. Rxb7 Bg1 42. Kg2 Be3 0-1

[Event "SR 1. liga zapad 2014/2015"]
[Site "?"]
[Date "2014.10.18"]
[Round "1.3"]
[White "Janko, Michal"]
[Black "Hanko, Pavol"]
[Result "1-0"]
[WhiteElo "2280"]
[BlackElo "2133"]
[PlyCount "69"]
[EventDate "2014.??.??"]

1. d4 Nf6 2. c4 g6 3. f3 Bg7 4. e4 d6 5. Nc3 O-O 6. Nge2 Nc6 7. Be3 Rb8 8. Qd2
Re8 9. Rc1 a6 10. g3 Bd7 11. Nd1 b5 12. c5 dxc5 13. Rxc5 e5 14. d5 Nd4 15. Nxd4
exd4 16. Bxd4 Rxe4+ 17. fxe4 Nxe4 18. Qe3 Bxd4 19. Qxd4 Qe7 20. Rxc7 Nxg3+ 21.
Kf2 Nxh1+ 22. Kg1 Rd8 23. Kxh1 Qe1 24. Qf6 Qe4+ 25. Bg2 Qe1+ 26. Qf1 Qa5 27.
Rb7 Bf5 28. Ne3 Re8 29. Nxf5 gxf5 30. Qxf5 Qe1+ 31. Bf1 Rf8 32. Qg5+ Kh8 33.
Qf6+ Kg8 34. Re7 Qd2 35. Re2 1-0

[Event "SR 1. liga zapad 2014/2015"]
[Site "?"]
[Date "2014.10.18"]
[Round "1.3"]
[White "Lakatos, Vladimir"]
[Black "Janko, Ladislav"]
[Result "0-1"]
[WhiteElo "2121"]
[BlackElo "2169"]
[PlyCount "152"]
[EventDate "2014.??.??"]

1. c4 g6 2. g3 Bg7 3. Bg2 c5 4. Nc3 Nc6 5. e3 d6 6. Nge2 Nf6 7. O-O O-O 8. d3
Rb8 9. a3 Bd7 10. Rb1 Qc8 11. Bd2 Bh3 12. Nf4 Bxg2 13. Kxg2 Ne5 14. Ncd5 Nxd5
15. Nxd5 Re8 16. Bc3 e6 17. Nf4 b5 18. cxb5 Qb7+ 19. f3 Qxb5 20. Qc2 Qb3 21.
Rf2 Nxd3 22. Qxd3 Bxc3 23. Qxd6 Qa2 24. Rbf1 Bxb2 25. Qxc5 Qxa3 26. Qxa3 Bxa3
27. Ra1 Bc5 28. Re2 Rb3 29. e4 Rd8 30. Rc2 Bb6 31. Ne2 Rbd3 32. Raa2 Be3 33. f4
Kg7 34. e5 h6 35. Ra4 Bb6 36. Rac4 Rd2 37. h4 Rxc2 38. Rxc2 Rd7 39. Ra2 Rd3 40.
Rc2 Rd5 41. Rc8 Rc5 42. Rb8 Rc6 43. Kf3 Rc2 44. g4 Rd2 45. g5 Rd3+ 46. Kg2 Be3
47. Rb7 hxg5 48. hxg5 a5 49. Kf3 Bd2+ 50. Kf2 a4 51. Rb8 Rd5 52. Ra8 Ra5 53.
Rd8 a3 54. Rxd2 a2 55. Rxa2 Rxa2 56. Ke3 Kf8 57. Nc3 Ra3 58. Kd4 Rb3 59. Kc4
Rb2 60. Kd3 Ke7 61. Ne4 Rb3+ 62. Ke2 Rh3 63. Nd6 Ra3 64. Nc8+ Kd7 65. Nd6 Kc6
66. Nxf7 Kd5 67. Nh8 Ke4 68. Nxg6 Ra2+ 69. Kf1 Ra8 70. Ne7 Re8 71. Ng6 Kf5 72.
Nh4+ Kxf4 73. Kf2 Kxg5 74. Nf3+ Kf4 75. Ke2 Ra8 76. Nd4 Kxe5 0-1

[Event "SR 1. liga zapad 2014/2015"]
[Site "?"]
[Date "2014.10.18"]
[Round "1.3"]
[White "Takacs, Laszlo"]
[Black "Detko, Jan"]
[Result "1-0"]
[WhiteElo "2110"]
[BlackElo "2165"]
[PlyCount "85"]
[EventDate "2014.??.??"]

1. e4 e6 2. d4 d5 3. Nc3 Bb4 4. e5 c5 5. Qg4 Ne7 6. dxc5 Nbc6 7. Nf3 d4 8. Bb5
Qa5 9. Bxc6+ bxc6 10. Qxd4 Nf5 11. Qc4 Ba6 12. Qb3 Qb5 13. Kd1 O-O-O+ 14. Bd2
Bxc3 15. Qxb5 Bxb5 16. bxc3 Rd7 17. a4 Bc4 18. Kc1 h6 19. Be3 Nxe3 20. fxe3 Rd5
21. Kb2 Rhd8 22. Ka3 Kc7 23. e4 R5d7 24. Nd4 Rb8 25. Rab1 Rxb1 26. Rxb1 Ba6 27.
g4 Re7 28. h4 f6 29. exf6 gxf6 30. Rg1 Bc8 31. g5 fxg5 32. hxg5 hxg5 33. Rxg5
Rh7 34. Rg6 Re7 35. Kb3 Bd7 36. Nf3 Bc8 37. Kc4 Bd7 38. Kd4 Rf7 39. Ng5 Re7 40.
Ke5 Bc8 41. Nxe6+ Kb7 42. Rg7 Rxg7 43. Nxg7 1-0

[Event "SR 1. liga zapad 2014/2015"]
[Site "?"]
[Date "2014.10.18"]
[Round "1.3"]
[White "Reisel, Frantisek"]
[Black "Balogh, Peter"]
[Result "1-0"]
[WhiteElo "1992"]
[BlackElo "2028"]
[PlyCount "79"]
[EventDate "2014.??.??"]

1. d4 Nf6 2. c4 c5 3. d5 e6 4. Nc3 exd5 5. Nxd5 Nxd5 6. cxd5 d6 7. Bd2 Be7 8.
Bc3 O-O 9. g3 b5 10. a3 a5 11. e3 Ba6 12. b4 Bf6 13. Qd2 Bb7 14. Rd1 axb4 15.
axb4 c4 16. Bg2 Ra3 17. Ne2 Nd7 18. O-O Ne5 19. Ra1 Rxa1 20. Rxa1 Nd3 21. Ra5
Bxc3 22. Qxc3 Ne5 23. Rxb5 Qd7 24. Ra5 Qg4 25. Nd4 Qd1+ 26. Bf1 h5 27. Ra1 Qg4
28. Bg2 h4 29. e4 h3 30. f3 Qd7 31. Bf1 Ra8 32. Rxa8+ Bxa8 33. f4 Ng6 34. Qxc4
Bb7 35. b5 Bc8 36. Qc6 Qd8 37. b6 Bd7 38. Qxd6 Ne7 39. Bxh3 f5 40. b7 1-0

[Event "SR 1. liga zapad 2014/2015"]
[Site "?"]
[Date "2014.10.18"]
[Round "1.3"]
[White "Dvorsky, Jozef"]
[Black "Mikus, Teodor"]
[Result "1/2-1/2"]
[WhiteElo "2018"]
[BlackElo "1895"]
[PlyCount "81"]
[EventDate "2014.??.??"]

1. e4 c5 2. Nf3 Nc6 3. c4 g6 4. d4 cxd4 5. Nxd4 Bg7 6. Be3 Nf6 7. Nc3 d6 8. Be2
Bd7 9. O-O O-O 10. Qd2 Ng4 11. Bxg4 Bxg4 12. f3 Bd7 13. Rfd1 Nxd4 14. Bxd4 Bc6
15. Bxg7 Kxg7 16. Qd4+ Kg8 17. b4 a6 18. a4 b6 19. b5 Bb7 20. Rac1 Rc8 21. e5
dxe5 22. Qxe5 Qc7 23. Qxc7 Rxc7 24. Nd5 Bxd5 25. cxd5 Rxc1 26. Rxc1 axb5 27.
axb5 Rd8 28. Rc6 Rd6 29. Kf2 Kg7 30. Ke3 Rxd5 31. Rxb6 h5 32. h4 Rc5 33. Rb8
Kf6 34. b6 Ke6 35. g4 hxg4 36. fxg4 Rb5 37. b7 Kd7 38. Rf8 Rxb7 39. Rxf7 Ke6
40. Rf4 Rb3+ 41. Kf2 1/2-1/2

[Event "SR 1. liga zapad 2014/2015"]
[Site "?"]
[Date "2014.10.18"]
[Round "1.4"]
[White "Maslik, Miroslav"]
[Black "Kukel, Imre"]
[Result "1-0"]
[WhiteElo "2365"]
[BlackElo "2279"]
[PlyCount "59"]
[EventDate "2014.??.??"]

1. d4 Nf6 2. c4 g6 3. Nc3 d5 4. cxd5 Nxd5 5. e4 Nxc3 6. bxc3 Bg7 7. Nf3 c5 8.
Rb1 O-O 9. Be2 b6 10. O-O Bb7 11. d5 Bxc3 12. h4 Bg7 13. h5 Ba6 14. Bxa6 Nxa6
15. hxg6 hxg6 16. Ng5 Nc7 17. Qg4 f6 18. Ne6 Qd7 19. Rb3 Nxe6 20. dxe6 Qc6 21.
Rh3 g5 22. Qf5 Rfd8 23. Bxg5 Rd6 24. Qh7+ Kf8 25. Qg6 Rxe6 26. Rh8+ Bxh8 27.
Bh6+ Bg7 28. Bxg7+ Kg8 29. Bh6+ Kh8 30. Qg7# 1-0

[Event "SR 1. liga zapad 2014/2015"]
[Site "?"]
[Date "2014.10.18"]
[Round "1.4"]
[White "Szegi, Tamas"]
[Black "Gruca, Miroslav"]
[Result "1/2-1/2"]
[WhiteElo "2186"]
[BlackElo "2220"]
[PlyCount "40"]
[EventDate "2014.??.??"]

1. Nf3 g6 2. e4 Bg7 3. d4 c5 4. c3 Na6 5. Be2 d6 6. O-O Bg4 7. h3 Bxf3 8. Bxf3
cxd4 9. cxd4 e6 10. Nc3 Ne7 11. Bf4 O-O 12. Nb5 d5 13. Bd6 Re8 14. Qb3 Nc6 15.
exd5 Nxd4 16. Nxd4 Qxd6 17. dxe6 fxe6 18. Nb5 Qb6 19. Rad1 Rad8 20. Rfe1 Nc5
1/2-1/2

[Event "SR 1. liga zapad 2014/2015"]
[Site "?"]
[Date "2014.10.18"]
[Round "1.4"]
[White "Jostic, Peter"]
[Black "Baranek, Jozef"]
[Result "1-0"]
[WhiteElo "2075"]
[BlackElo "2142"]
[PlyCount "143"]
[EventDate "2014.??.??"]

1. e4 c5 2. Nf3 a6 3. d4 cxd4 4. Nxd4 Nf6 5. Nc3 e5 6. Nf3 Bb4 7. Bc4 Qc7 8.
Qd3 b5 9. Bb3 Bb7 10. Bd2 O-O 11. O-O-O Bxc3 12. Bxc3 Bxe4 13. Bxe5 Bxd3 14.
Bxc7 Be2 15. Rd2 Bxf3 16. gxf3 Nc6 17. Re1 Rfe8 18. Re3 Rac8 19. Bb6 Rb8 20.
Bc5 Na5 21. Bd4 Nxb3+ 22. axb3 Re6 23. Bxf6 Rxf6 24. Rxd7 g5 25. Rd5 h6 26. c4
Rc8 27. Rc3 b4 28. Rcd3 Rcc6 29. R5d4 Kg7 30. h4 gxh4 31. Rxh4 Rf5 32. Kd2 h5
33. Ke3 Re6+ 34. Re4 Ref6 35. f4 h4 36. Kf3 h3 37. Kg4 h2 38. Rh3 Ra5 39. Rxh2
Rd6 40. f5 Rd2 41. Rh5 Ra1 42. c5 Rxf2 43. Kg3 Rxb2 44. Rxb4 Ra3 45. Kf4 Rbxb3
46. Rxb3 Rxb3 47. Ke5 Rc3 48. Kd6 a5 49. c6 a4 50. c7 Rd3+ 51. Ke7 Re3+ 52. Kd7
Rd3+ 53. Kc6 Rc3+ 54. Kb7 Rb3+ 55. Ka7 Rc3 56. Kb8 Rb3+ 57. Kc8 a3 58. f6+ Kxf6
59. Kd7 Rb7 60. Kc6 Rxc7+ 61. Kxc7 Ke6 62. Kc6 f5 63. Kc5 Ke5 64. Kc4 Ke4 65.
Kc3 a2 66. Rh1 Ke3 67. Re1+ Kf2 68. Ra1 Ke3 69. Re1+ Kf2 70. Kd2 f4 71. Ra1 f3
72. Rxa2 1-0

[Event "SR 1. liga zapad 2014/2015"]
[Site "?"]
[Date "2014.10.18"]
[Round "1.4"]
[White "Pallag, Gergely"]
[Black "Pytlik, Pavol"]
[Result "1-0"]
[WhiteElo "2101"]
[BlackElo "2027"]
[PlyCount "83"]
[EventDate "2014.??.??"]

1. d4 Nf6 2. Bg5 g6 3. Bxf6 exf6 4. e3 Bg7 5. g3 d5 6. Bg2 O-O 7. Ne2 c6 8. O-O
Be6 9. Nd2 Qd7 10. Re1 Na6 11. b3 Rfe8 12. c4 dxc4 13. bxc4 Bg4 14. Qb3 Rab8
15. a4 Nc5 16. Qa3 Bf8 17. Qc3 Bxe2 18. Rxe2 Ne6 19. Ree1 f5 20. c5 Bg7 21. Nb3
Ng5 22. Rab1 Bf6 23. Na5 Ne4 24. Bxe4 fxe4 25. Nc4 Bd8 26. Ne5 Qc7 27. Rb3 f6
28. Nc4 Re7 29. Reb1 Rd7 30. a5 a6 31. Qb2 Be7 32. Rb6 h5 33. Rxa6 h4 34. Ra7
hxg3 35. fxg3 Qd8 36. Qb6 Qf8 37. a6 Rbd8 38. Rxb7 Kg7 39. Rxd7 Rxd7 40. Qxc6
Ra7 41. Rb7 Ra8 42. Rxe7+ 1-0

[Event "SR 1. liga zapad 2014/2015"]
[Site "?"]
[Date "2014.10.18"]
[Round "1.4"]
[White "Blazek, Milos"]
[Black "Berek, Geza"]
[Result "1/2-1/2"]
[WhiteElo "2035"]
[BlackElo "2143"]
[PlyCount "36"]
[EventDate "2014.??.??"]

1. e4 g6 2. d4 Bg7 3. Nc3 d6 4. Be3 a6 5. Qd2 Nd7 6. O-O-O b5 7. h4 h5 8. Nh3
Bb7 9. f3 Rc8 10. Kb1 c5 11. Ng5 cxd4 12. Bxd4 Bxd4 13. Qxd4 Ngf6 14. Be2 Qb6
15. Qd2 Bc6 16. f4 Qc5 17. Bf3 Nb6 18. Qd4 Qxd4 1/2-1/2

[Event "SR 1. liga zapad 2014/2015"]
[Site "?"]
[Date "2014.10.18"]
[Round "1.4"]
[White "Molnar, Erno"]
[Black "Halak, Matej"]
[Result "1/2-1/2"]
[WhiteElo "2027"]
[BlackElo "1929"]
[PlyCount "74"]
[EventDate "2014.??.??"]

1. e4 e5 2. Nf3 Nf6 3. Nxe5 d6 4. Nf3 Nxe4 5. d4 d5 6. Bd3 Bd6 7. O-O O-O 8. c4
Nf6 9. b3 Bg4 10. Be3 Nbd7 11. c5 Be7 12. Nbd2 Re8 13. Qc2 c6 14. Ne5 Be6 15.
f4 Nf8 16. Ndf3 h6 17. Rae1 Ng4 18. Bd2 Nxe5 19. dxe5 Bg4 20. Nd4 Ne6 21. Nxe6
fxe6 22. h3 Bh5 23. b4 Rf8 24. Bg6 Bxg6 25. Qxg6 Qd7 26. f5 Rxf5 27. Bxh6 Rxf1+
28. Rxf1 Bf8 29. Rf4 Qe8 30. Qg3 Kh7 31. Bg5 Qg6 32. Rg4 a5 33. Kh2 axb4 34.
Bf6 Qf7 35. Rh4+ Kg8 36. Qd3 gxf6 37. exf6 Ra3 1/2-1/2

[Event "SR 1. liga zapad 2014/2015"]
[Site "?"]
[Date "2014.10.18"]
[Round "1.4"]
[White "Masarik, Drahoslav"]
[Black "Hegedus, Roland"]
[Result "1-0"]
[WhiteElo "2022"]
[BlackElo "2016"]
[PlyCount "100"]
[EventDate "2014.??.??"]

1. Nf3 Nf6 2. c4 g6 3. Nc3 Bg7 4. g3 O-O 5. Bg2 d6 6. d4 Nbd7 7. O-O e5 8. e4
c6 9. h3 Qb6 10. dxe5 dxe5 11. Rb1 Re8 12. Be3 Qb4 13. Qe2 Nb6 14. Nd2 Na4 15.
Rfc1 Nxc3 16. Rxc3 Nd7 17. c5 b5 18. cxb6 axb6 19. a3 Qa4 20. Qc4 c5 21. Qd5
Nf6 22. Qd6 Re6 23. Qd8+ Ne8 24. Nc4 Bd7 25. Qh4 b5 26. Nd2 c4 27. Nf3 f6 28.
g4 g5 29. Qg3 Nd6 30. Ne1 b4 31. axb4 Qxb4 32. Nc2 Qb7 33. f3 Ra2 34. Bc1 Bf8
35. Ne3 Bb5 36. Bf1 Nxe4 37. fxe4 Qxe4 38. Nc2 Bc5+ 39. Be3 Bd4 40. Bxd4 exd4
41. Re1 Qxe1 42. Nxe1 dxc3 43. Qxc3 Ra1 44. Nf3 Rd1 45. Kf2 Re4 46. Qc2 Rxf1+
47. Kxf1 c3+ 48. Kg1 Re3 49. Qb3+ Kg7 50. Qxb5 Rxf3 1-0

[Event "SR 1. liga zapad 2014/2015"]
[Site "?"]
[Date "2014.10.18"]
[Round "1.4"]
[White "Jakab, Bela"]
[Black "Mrazik, Vladislav"]
[Result "1-0"]
[WhiteElo "1897"]
[BlackElo "1826"]
[PlyCount "79"]
[EventDate "2014.??.??"]

1. e4 c6 2. d4 d5 3. Nc3 dxe4 4. Nxe4 Nf6 5. Nxf6+ exf6 6. Nf3 Bd6 7. Bc4 O-O
8. O-O Bg4 9. b3 Qc7 10. h3 Bh5 11. Bb2 Nd7 12. Be2 Rfe8 13. Re1 Rad8 14. c4 c5
15. d5 Bxf3 16. Bxf3 Rxe1+ 17. Qxe1 Ne5 18. Qc3 Re8 19. Rd1 Qe7 20. Kf1 Qd7 21.
Re1 Kf8 22. Be4 f5 23. Bc2 f6 24. f4 Nf7 25. Rxe8+ Kxe8 26. g3 Bc7 27. Qe3+ Qe7
28. Qxe7+ Kxe7 29. Bxf5 g6 30. Bd3 f5 31. Ke2 a5 32. Kf3 b6 33. g4 fxg4+ 34.
hxg4 g5 35. Bc1 h6 36. Bg6 Nh8 37. Bh5 gxf4 38. Bb2 Nf7 39. Bxf7 Kxf7 40. Bc1
1-0

[Event "SR 1. liga zapad 2014/2015"]
[Site "?"]
[Date "2014.10.18"]
[Round "1.5"]
[White "Zetocha, Claudiu"]
[Black "Ondrus, Martin"]
[Result "1-0"]
[WhiteElo "2307"]
[BlackElo "2320"]
[PlyCount "33"]
[EventDate "2014.??.??"]

1. e4 c5 2. Nf3 d6 3. Bb5+ Bd7 4. a4 Nf6 5. Qe2 Nc6 6. h3 a6 7. Bc4 b5 8. axb5
axb5 9. Rxa8 Qxa8 10. Bxb5 Qa1 11. Kd1 Qxb1 12. Bxc6 Bxc6 13. Qa6 Kd7 14. d3
Nxe4 15. dxe4 Bxe4 16. Qa4+ Bc6 17. Qa7+ 1-0

[Event "SR 1. liga zapad 2014/2015"]
[Site "?"]
[Date "2014.10.18"]
[Round "1.5"]
[White "Chovan, Milan"]
[Black "Havlicek, Libor"]
[Result "1/2-1/2"]
[WhiteElo "2093"]
[BlackElo "2278"]
[PlyCount "169"]
[EventDate "2014.??.??"]

1. e4 c5 2. Nf3 d6 3. d4 cxd4 4. Nxd4 Nf6 5. Nc3 a6 6. Be3 Ng4 7. Bg5 h6 8. Bh4
g5 9. Bg3 Bg7 10. h3 Ne5 11. Nf5 Bxf5 12. exf5 Nbd7 13. Nd5 Rc8 14. c3 Qa5 15.
Be2 Nb6 16. Nxb6 Qxb6 17. Qb3 Rc6 18. Bxe5 Qxb3 19. axb3 Bxe5 20. O-O e6 21.
Bd3 Ke7 22. g3 d5 23. fxe6 fxe6 24. b4 b5 25. Ra3 Rd8 26. Rfa1 Rdd6 27. Rc1 Rb6
28. Rc2 Rdc6 29. Ra1 d4 30. Rac1 Rc7 31. Kf1 Rd6 32. c4 bxc4 33. Rxc4 Rxc4 34.
Rxc4 Rb6 35. Ke2 Kd6 36. Kf3 Rb8 37. Be4 h5 38. Ke2 Ke7 39. Bg6 h4 40. g4 Bd6
41. Rxd4 Bxb4 42. Rd3 Rc8 43. Rd1 a5 44. Be4 Bd6 45. b3 Bb4 46. Kf3 Kf6 47. Rd3
Ke5 48. Re3 Kd6 49. Rd3+ Kc5 50. Ke3 Rf8 51. Rd7 Be1 52. f3 Bg3 53. Rb7 Bf4+
54. Ke2 Kd4 55. Rb5 Kc3 56. Rxa5 Kxb3 57. Rc5 Rd8 58. Rc2 Rd4 59. Bd3 Ra4 60.
Kf2 Ra1 61. Kg2 e5 62. Re2 Kc3 63. Bb5 Ra5 64. Bc6 Kd3 65. Rb2 Bc1 66. Be4+ Ke3
67. Rb3+ Kf4 68. Rc3 Be3 69. Rc4 Bd4 70. Rc2 Ra1 71. Kh2 Rf1 72. Kg2 Rg1+ 73.
Kh2 Rg3 74. Rc8 Ke3 75. Ra8 Bc3 76. Ra3 Kd2 77. Ra2+ Ke3 78. Ra3 Kd4 79. Ra4+
Kc5 80. Ra2 Bd4 81. Rg2 Be3 82. Rxg3 Bf4 83. Kg2 Kd4 84. Bb7 Ke3 85. Ba8
1/2-1/2

[Event "SR 1. liga zapad 2014/2015"]
[Site "?"]
[Date "2014.10.18"]
[Round "1.5"]
[White "Ruckschloss, Karol"]
[Black "Debnar, Lubos"]
[Result "1/2-1/2"]
[WhiteElo "2207"]
[BlackElo "2269"]
[PlyCount "46"]
[EventDate "2014.??.??"]

1. c4 c5 2. Nc3 Nf6 3. e4 d6 4. f4 Nc6 5. Nf3 Bg4 6. Be2 g6 7. d3 Bg7 8. Be3
Bxf3 9. Bxf3 Nd4 10. O-O O-O 11. Rb1 Rb8 12. b4 Ne8 13. Ne2 Nc7 14. Nxd4 cxd4
15. Bf2 e5 16. fxe5 dxe5 17. Qb3 Ne6 18. Bg4 Nf4 19. Kh1 Nxg2 20. Kxg2 Qg5 21.
Kh3 Qh6+ 22. Kg2 Qg5 23. Kh3 Qh6+ 1/2-1/2

[Event "SR 1. liga zapad 2014/2015"]
[Site "?"]
[Date "2014.10.18"]
[Round "1.5"]
[White "Kalisky, Vladimir"]
[Black "Dolnak, Michal"]
[Result "1/2-1/2"]
[WhiteElo "2268"]
[BlackElo "2187"]
[PlyCount "91"]
[EventDate "2014.??.??"]

1. Nf3 Nf6 2. g3 g6 3. Bg2 Bg7 4. O-O O-O 5. c4 d6 6. d4 Nbd7 7. Nc3 c6 8. b3
Re8 9. Bb2 e5 10. Rc1 exd4 11. Nxd4 a5 12. Qd2 Nc5 13. Rfd1 Qb6 14. e3 a4 15.
Rb1 axb3 16. axb3 Nfe4 17. Qc2 Nxc3 18. Bxc3 Qc7 19. b4 Na4 20. Ba1 Nb6 21. c5
dxc5 22. bxc5 Nd7 23. Nf3 Ne5 24. Nxe5 Bxe5 25. Qe4 Bf5 26. Bxe5 Qxe5 27. Qxe5
Rxe5 28. Rxb7 Rxc5 29. Rc7 Ra6 30. h4 Rc2 31. e4 Be6 32. f4 Raa2 33. Bf1 Kg7
34. Rd6 Kh6 35. Rdxc6 Rcb2 36. f5 Bb3 37. Rb6 Ra1 38. Rc3 Rbb1 39. Rf3 Bc2 40.
Rxb1 Rxb1 41. fxg6 hxg6 42. Rxf7 Bxe4 43. Kf2 Bf5 44. Be2 Rb2 45. Ke3 Rb3+ 46.
Kf2 1/2-1/2

[Event "SR 1. liga zapad 2014/2015"]
[Site "?"]
[Date "2014.10.18"]
[Round "1.5"]
[White "Kovac, Andrej"]
[Black "Szucs, Vladimir"]
[Result "0-1"]
[WhiteElo "2165"]
[BlackElo "2228"]
[PlyCount "64"]
[EventDate "2014.??.??"]

1. d4 c5 2. d5 Nf6 3. c4 e6 4. Nc3 exd5 5. cxd5 d6 6. g3 g6 7. Bg2 Bg7 8. Nf3
O-O 9. O-O a6 10. a4 Re8 11. h3 Nbd7 12. Nd2 Rb8 13. Nc4 Ne5 14. Na3 Nh5 15.
Kh2 Bd7 16. f4 b5 17. axb5 axb5 18. fxe5 Bxe5 19. Ne4 f5 20. Bg5 Qc7 21. Qc2
fxe4 22. Bh4 Bf5 23. e3 Qg7 24. Qe2 Bd7 25. Rf2 Qh6 26. Raf1 g5 27. Rf7 Bc8 28.
R1f5 Bxf5 29. Rxf5 gxh4 30. Rxh5 Qg6 31. Kg1 Qxg3 32. Rf5 Rf8 0-1

[Event "SR 1. liga zapad 2014/2015"]
[Site "?"]
[Date "2014.10.18"]
[Round "1.5"]
[White "Gorusa, Miroslav"]
[Black "Hacik, Radomir"]
[Result "1/2-1/2"]
[WhiteElo "2172"]
[BlackElo "2143"]
[PlyCount "46"]
[EventDate "2014.??.??"]

1. d4 Nf6 2. c4 e6 3. Nc3 d5 4. Nf3 Be7 5. Bg5 O-O 6. e3 h6 7. Bh4 b6 8. Be2
Bb7 9. O-O dxc4 10. Bxc4 Ne4 11. Bxe7 Qxe7 12. Qe2 Nd7 13. Bd3 Ndf6 14. Rac1
Rfc8 15. Nxe4 Nxe4 16. Rc2 c5 17. Rfc1 Qf8 18. Ba6 Bxa6 19. Qxa6 Rd8 20. a3
cxd4 21. Nxd4 Nc5 22. Qb5 Rd5 23. Qe2 e5 1/2-1/2

[Event "SR 1. liga zapad 2014/2015"]
[Site "?"]
[Date "2014.10.18"]
[Round "1.5"]
[White "Kolcak, Marek"]
[Black "Pinter, Patrik"]
[Result "1-0"]
[WhiteElo "2121"]
[BlackElo "2125"]
[PlyCount "77"]
[EventDate "2014.??.??"]

1. e4 g6 2. d4 Bg7 3. Nc3 c5 4. Be3 Nc6 5. dxc5 Bxc3+ 6. bxc3 Qa5 7. Qd2 Nf6 8.
Bd3 O-O 9. Ne2 Rd8 10. c4 Qxd2+ 11. Bxd2 d6 12. cxd6 Rxd6 13. Bc3 Nd7 14. f4
Nc5 15. Rd1 b6 16. e5 Rd7 17. O-O Ba6 18. f5 Rad8 19. e6 fxe6 20. fxe6 Rd6 21.
Rf7 Nxe6 22. Rdf1 R6d7 23. Ng3 Rf8 24. Rxf8+ Nxf8 25. Be4 Bxc4 26. Bxc6 Rc7 27.
Re1 Bxa2 28. Bb4 Rxc6 29. Rxe7 a5 30. Ba3 Bf7 31. Rb7 Re6 32. Bb2 a4 33. Bd4 h5
34. Bxb6 a3 35. Bd4 a2 36. Ra7 h4 37. Nf1 Re4 38. Bf6 Bc4 39. Rg7+ 1-0